Principles of neurology.-- 3rd ed. (Record no. 32506)

MARC details
000 -LEADER
fixed length control field 00754nam a2200205 a 4500
008 - FIXED-LENGTH DATA ELEMENTS--GENERAL INFORMATION
fixed length control field 110907s1985 ||||||||||||||||| || u
020 ## - INTERNATIONAL STANDARD BOOK NUMBER
International Standard Book Number 0070002967
050 ## - LIBRARY OF CONGRESS CALL NUMBER
Classification number RC 346 Ada
100 ## - MAIN ENTRY--PERSONAL NAME
Personal name Victor, Maurice
245 10 - TITLE STATEMENT
Title Principles of neurology.-- 3rd ed.
Statement of responsibility, etc. Raymond D. Adams, Maurice Victor
250 ## - EDITION STATEMENT
Edition statement 3rd ed.
260 ## - PUBLICATION, DISTRIBUTION, ETC.
Place of publication, distribution, etc. New York
Name of publisher, distributor, etc. McGraw-Hill
Date of publication, distribution, etc. 1985
300 ## - PHYSICAL DESCRIPTION
Extent x, 1186p. : ill.
350 ## -
-- 0.00
650 ## - SUBJECT ADDED ENTRY--TOPICAL TERM
Topical term or geographic name entry element UROLOGIC DISEASES
650 #0 - SUBJECT ADDED ENTRY--TOPICAL TERM
Topical term or geographic name entry element NERVOUS SYSTEM--DISEASES
650 ## - SUBJECT ADDED ENTRY--TOPICAL TERM
Topical term or geographic name entry element NEUROSPYCHIATRY
700 ## - ADDED ENTRY--PERSONAL NAME
Personal name Adams, Raymond D. (Raymond Delacy)
995 ## -
-- MEDICAL LIBRARY OPEN ACCESS
-- 0.00
-- 900007
-- CBU-SCHOOL OF MEDICINE LIBRARY (Ndola)
-- 1
-- 0.00
-- RC 346 ADA
-- 1
-- AVAILABLE
-- Oct 19, 2011
-- 900007
-- Medical Library Open Access Collection
999 ## -
-- 32506
-- 32506
Holdings
Withdrawn status Lost status Source of classification or shelving scheme Damaged status Not for loan Permanent Location Current Location Shelving location Date acquired Total Checkouts Full call number Barcode Date last seen Price effective from Koha item type
          CBU-SCHOOL OF MEDICINE LIBRARY, NDOLA. CBU-SCHOOL OF MEDICINE LIBRARY, NDOLA.   11/30/2022   RC 346 Ada 900007 11/30/2022 11/30/2022 MONOGRAPH